[Event "Werner-Ott-Open Kreuzberger Sommer 2018"]
[Site "Berlin"]
[Date "2018.07.07"]
[Round "8.15"]
[White "Jeremic, Dusan"]
[Black "Grassi, Fabrizio"]
[Result "1-0"]
[WhiteElo "2179"]
[BlackElo "1872"]
[Annotator "Stockfish 221017 64 (1m)"]
[PlyCount "89"]
[EventDate "2018.06.30"]
[EventType "swiss"]
[EventRounds "9"]
[EventCountry "GER"]
[SourceTitle "WOOKS_2018_R8"]
[Source "Andreas Lange"]
[SourceDate "2018.07.07"]
[SourceVersion "1"]
[SourceVersionDate "2018.07.07"]
[SourceQuality "1"]
[WhiteTeam "SF Berlin 1903"]
[BlackTeam "SV Berlin-Friedrichstadt"]
[WhiteTeamCountry "GER"]
[BlackTeamCountry "GER"]

{B01: Skandinavische Verteidigung} 1. e4 d5 2. exd5 Nf6 3. d4 Nxd5 4. Nf3 Bg4
5. Be2 e6 6. O-O Nc6 7. Re1 Be7 8. c4 Nb6 9. Be3 Bxf3 10. Bxf3 Nxc4 11. Qa4 Nb6
12. Bxc6+ bxc6 13. Qxc6+ Qd7 14. Qf3 O-O 15. Nc3 Nc4 16. Re2 Rab8 17. b3 Nxe3
18. fxe3 c5 19. d5 Bf6 20. Rc1 Bxc3 21. Rxc3 exd5 22. Rd2 Rbc8 23. Qxd5 Qe7 24.
e4 Rfd8 25. Rxc5 h6 26. Rxc8 Rxc8 27. g3 Rc1+ 28. Kg2 Qb4 29. Rf2 Qe7 30. h4
Re1 31. Kf3 Qf6+ 32. Qf5 Qe7 33. Qc8+ Kh7 34. Qc4 Qf6+ 35. Kg2 Qa1 36. Qxf7
Rg1+ 37. Kh3 Rh1+ 38. Kg4 Qd1+ 39. Qf3 h5+ 40. Kxh5 g6+ 41. Kg5 Qc1+ 42. Qf4
Qc5+ 43. e5 Rf1 44. Qf7+ Kh8 45. Kh6 (45. Kh6 Qc1+) 1-0

[Event "Werner-Ott-Open Kreuzberger Sommer 2018"]
[Site "Berlin"]
[Date "2018.07.07"]
[Round "8.16"]
[White "Plaza Reino, Agustin"]
[Black "Schulz, Olaf"]
[Result "0-1"]
[WhiteElo "1923"]
[BlackElo "2019"]
[Annotator "Stockfish 221017 64 (1m)"]
[PlyCount "76"]
[EventDate "2018.06.30"]
[EventType "swiss"]
[EventRounds "9"]
[EventCountry "GER"]
[SourceTitle "WOOKS_2018_R8"]
[Source "Andreas Lange"]
[SourceDate "2018.07.07"]
[SourceVersion "1"]
[SourceVersionDate "2018.07.07"]
[SourceQuality "1"]
[WhiteTeam "Enniscorthy Chess Club"]
[WhiteTeamCountry "IRL"]

{B18: Caro-Kann (Hauptvariante)} 1. e4 c6 2. d4 d5 3. Nc3 dxe4 4. Nxe4 Bf5 5.
Ng3 Bg6 6. Nf3 e6 7. Ne5 Nf6 (7... Nd7 8. Nxg6 hxg6 9. Be2 (9. Bd3 Ngf6 10. Bc4
Nb6 11. Bb3 Nbd5 12. Bd2 Bd6 13. Qf3 Ne7 14. O-O-O Nf5 15. Nxf5 gxf5 16. Bg5
Be7 17. h3 Ne4 18. Bxe7 Qxe7 19. Rhe1 Qg5+ 20. Re3 O-O-O 21. c3 Rh4 22. g3 Rxh3
23. Bc2 Nf6 {Schneider,E (1842)-Leveikina,J (2099) Berlin 2017 XVII. DBMM 2017
[Riess,Bernhard] 0-1 (32)}) 9... Qc7 10. Be3 Ngf6 11. h3 Bd6 12. Nf1 e5 13. Bc4
Nb6 14. Bb3 O-O-O 15. Nd2 exd4 16. Bxd4 Bf4 17. Bc3 Bxd2+ 18. Bxd2 Rhe8+ 19.
Kf1 {0-1 (19) Ilia,N (1979)-Hansen,K (2227) Berlin 2000}) 8. Be3 Qa5+ $146 (
8... Nbd7 9. Nc4 Nb6 10. Ne5 Nbd5 11. Bg5 Bb4+ 12. Bd2 Ne4 13. Bxb4 Nxg3 14.
hxg3 Nxb4 15. Nxg6 fxg6 16. c3 Nd5 17. Qg4 Qf6 18. O-O-O h5 19. Qe4 O-O-O 20.
f3 Rde8 21. Bd3 g5 22. Qg6 h4 23. Rh3 {Herrmann,E (1876)-Knaut,J (1613) Berlin
SC Friesen Lichtenberg 2011 0-1 (54)}) 9. Qd2 Qxd2+ 10. Kxd2 Nd5 11. c3 Bd6 12.
Nxg6 hxg6 13. Ne4 Be7 14. Be2 Nd7 15. h3 f5 16. Ng5 f4 17. Nxe6 fxe3+ 18. fxe3
Kf7 19. Bg4 N7f6 20. Raf1 Kg8 21. Bf3 Rh4 22. Kd3 Bd6 23. c4 Nxe3 24. Kxe3 Re8
25. d5 Rxc4 26. Kd3 cxd5 27. Re1 Re4 28. Bxe4 dxe4+ 29. Kc4 Rxe6 30. g4 g5 31.
Rhf1 Bf4 32. Re2 Rc6+ 33. Kd4 Rd6+ 34. Kc3 e3 35. h4 Ne4+ 36. Kc2 Ng3 37. Rd1
Nxe2 38. Rxd6 Bxd6 (38... Bxd6 $19) 0-1

[Event "Werner-Ott-Open Kreuzberger Sommer 2018"]
[Site "Berlin"]
[Date "2018.07.07"]
[Round "8.17"]
[White "Sondermann, Jonathan"]
[Black "Werner, Dimo"]
[Result "1/2-1/2"]
[WhiteElo "1659"]
[BlackElo "2012"]
[Annotator "Stockfish 221017 64 (1m)"]
[PlyCount "49"]
[EventDate "2018.06.30"]
[EventType "swiss"]
[EventRounds "9"]
[EventCountry "GER"]
[SourceTitle "WOOKS_2018_R8"]
[Source "Andreas Lange"]
[SourceDate "2018.07.07"]
[SourceVersion "1"]
[SourceVersionDate "2018.07.07"]
[SourceQuality "1"]
[WhiteTeam "SC Borussia Lichtenberg"]
[BlackTeam "TSV Schott Mainz"]
[WhiteTeamCountry "GER"]
[BlackTeamCountry "GER"]

{A11: Reti-Eröffnung Lange,Andreas1: 'Der Eckbauer, Ausg. 4/2003, S. 19-20'} 1.
Nf3 d5 2. c4 c6 3. e3 Nf6 4. Nc3 g6 5. Be2 (5. Qb3 a6 6. d4 Bg7 7. Ne5 O-O 8.
f4 b5 9. cxd5 cxd5 10. a4 bxa4 11. Rxa4 Bd7 12. Ra3 a5 13. Qb7 Na6 14. Nxd7
Qxd7 15. Bxa6 Qd6 16. Bb5 Rfc8 17. O-O Qd8 18. Be2 Rcb8 19. Qc6 Rb4 {Kuehne,M 
(1956)-Blesing,A (2032) Berlin 2003 Der Eckbauer [2003] [Lange,Andreas1] 1-0 
(37)}) 5... Bg7 6. O-O O-O 7. b3 Ne4 $146 (7... Nbd7 8. Bb2 a6 9. Rc1 b5 10.
Nd4 Bb7 11. cxd5 cxd5 12. f4 Qb6 13. Qe1 Nc5 14. Nf3 Rac8 15. Qh4 b4 16. Na4
Nxa4 17. bxa4 Rxc1 18. Rxc1 Rc8 19. Rb1 a5 20. Bd4 Qc6 21. Bd1 Ba6 22. Bb3 {
Meyer,H-Stippekohl,P Deutschland 1987 1/2-1/2 (53)}) 8. Bb2 dxc4 9. Bxc4 Bg4
10. d4 Bxf3 11. gxf3 Nd6 12. Be2 Nd7 13. Kh1 Nf6 14. f4 Nde4 15. Bf3 Nxc3 16.
Bxc3 Nd5 17. Bb2 e6 18. Rc1 Qh4 19. Qe2 Bh6 20. Rg1 Nxf4 21. exf4 Bxf4 22. Rg2
Bxc1 23. Bxc1 Rad8 24. Bg5 Qxd4 25. Bxd8 1/2-1/2

[Event "Werner-Ott-Open Kreuzberger Sommer 2018"]
[Site "Berlin"]
[Date "2018.07.07"]
[Round "8.18"]
[White "Heerde, Thomas"]
[Black "Rouditser, Benjamin"]
[Result "1-0"]
[WhiteElo "2010"]
[BlackElo "1739"]
[Annotator "Stockfish 221017 64 (1m)"]
[PlyCount "59"]
[EventDate "2018.06.30"]
[EventType "swiss"]
[EventRounds "9"]
[EventCountry "GER"]
[SourceTitle "WOOKS_2018_R8"]
[Source "Andreas Lange"]
[SourceDate "2018.07.07"]
[SourceVersion "1"]
[SourceVersionDate "2018.07.07"]
[SourceQuality "1"]
[WhiteTeam "SC Weisse Dame"]
[BlackTeam "SVg Lasker Steglitz-Wilmersdorf"]
[WhiteTeamCountry "GER"]
[BlackTeamCountry "GER"]

{A07: Barcza-System (Königsfianchetto mit möglichen Übergängen in andere
Systeme)} 1. g3 d5 2. Bg2 Nf6 3. Nf3 Bg4 4. d3 Nbd7 5. Nbd2 e5 6. O-O $146 (6.
h3 Bxf3 7. Nxf3 c6 8. O-O Qc7 9. Rb1 Be7 10. b4 O-O 11. c4 a5 12. a3 axb4 13.
axb4 Ra2 14. Bb2 Rfa8 15. Qc1 Bxb4 16. cxd5 Nxd5 17. e4 Ne7 18. Qc4 R2a4 19.
Ng5 Rf8 20. Ra1 b5 {Steinert,M (2215)-Van Son,L Deutschland 1996 0-1 (43)})
6... Bd6 7. h3 Bh5 8. Nh4 Bg6 9. e4 dxe4 10. dxe4 Nc5 11. Qe2 Qd7 12. Rd1 Qc6
13. Kh2 O-O-O 14. f3 Ne6 15. Nb3 Nd7 16. Nf5 Ndc5 17. Rxd6 Rxd6 18. Ne7+ Kb8
19. Nxc6+ Rxc6 20. Nxc5 Rxc5 21. Be3 Rc6 22. Rd1 f5 23. Rd5 f4 24. gxf4 exf4
25. Bf2 Bf7 26. Rd7 Rf8 27. Qd2 Kc8 28. c3 g5 29. Bf1 h5 30. Bb5 (30. Bb5 $18)
1-0

[Event "Werner-Ott-Open Kreuzberger Sommer 2018"]
[Site "Berlin"]
[Date "2018.07.07"]
[Round "8.19"]
[White "Guder, Sibylle"]
[Black "Buttkus, Andre"]
[Result "1/2-1/2"]
[WhiteElo "1750"]
[BlackElo "2004"]
[Annotator "Stockfish 221017 64 (1m)"]
[PlyCount "63"]
[EventDate "2018.06.30"]
[EventType "swiss"]
[EventRounds "9"]
[EventCountry "GER"]
[SourceTitle "WOOKS_2018_R8"]
[Source "Andreas Lange"]
[SourceDate "2018.07.07"]
[SourceVersion "1"]
[SourceVersionDate "2018.07.07"]
[SourceQuality "1"]
[WhiteTeam "SF Berlin 1903"]
[BlackTeam "SK Tempelhof 1931"]
[WhiteTeamCountry "GER"]
[BlackTeamCountry "GER"]

{B23: Sizilianisch (Geschlossenes System)} 1. e4 c5 2. Nc3 e6 3. f4 d6 4. Nf3
a6 5. a4 $146 (5. d4 cxd4 6. Qxd4 Nc6 7. Qf2 Nf6 8. h3 b5 9. Bd3 Nb4 10. Be3
Nxd3+ 11. cxd3 Bb7 12. O-O Be7 13. Rac1 Rc8 14. Bb6 Qd7 15. Ne2 O-O 16. Ba5
Rxc1 17. Rxc1 Rc8 18. Bc3 d5 19. e5 Ne8 {Rohne,L (2145)-Broksch,D (1902)
Berlin 2017 XVII. DBMM 2017 [Gebert Vangeel,Ralf] 1-0 (44)}) (5. g3 b5 (5...
Nc6 6. Bg2 Nge7 7. O-O Nd4 8. d3 Nec6 9. Ne2 Be7 10. c3 Nxf3+ 11. Rxf3 O-O 12.
Be3 d5 13. Qe1 d4 14. Bd2 b5 15. g4 dxc3 16. bxc3 Ra7 17. Rh3 Rd7 18. Qg3 b4
19. e5 Bb7 20. g5 {Raabe,J (1790)-Alder,B (1998) Berlin 2010 0-1 (45)}) 6. Bg2
Bb7 7. d3 Nf6 8. O-O Be7 9. h3 Nc6 (9... O-O 10. g4 Nc6 11. Ne2 Re8 12. Qe1 Nb4
13. Qd2 Qb6 14. Kh1 Nd7 15. c3 Nc6 16. f5 exf5 17. gxf5 Nce5 18. Rg1 Nxf3 19.
Bxf3 Ne5 20. Qh6 Bf8 21. Qf4 Nxd3 22. Qg3 Nxc1 23. Raxc1 Bxe4 24. Bxe4 {
Allaart,J (1546)-Hoermann,D (2055) Berlin 2015 0-1 (43)}) 10. Bd2 O-O 11. Ne2
Nd7 12. g4 f5 13. exf5 exf5 14. g5 d5 15. Ng3 Nb6 16. Qe2 Qd7 17. Rae1 Bc8 18.
Ne5 Nxe5 19. Qxe5 Ra7 {Krefenstein,S (2184)-Hoermann,D (2055) Berlin 2015 1-0 
(41)}) 5... Nf6 6. d3 Be7 7. Be2 Nc6 8. O-O O-O 9. Qe1 Rb8 10. Qg3 Nd4 11. Bd1
Nxf3+ 12. Bxf3 b5 13. axb5 axb5 14. e5 Ne8 15. Ne4 d5 16. Nf2 Kh8 17. Bd2 Bb7
18. h3 Ra8 19. Qh2 Qd7 20. g3 Nc7 21. Qg2 Rxa1 22. Rxa1 Ra8 23. Rxa8+ Nxa8 24.
Qf1 Qc7 25. Qa1 Qb6 26. Qa5 b4 27. Qxb6 Nxb6 28. b3 Ba6 29. Be2 Kg8 30. Nd1 Nc8
31. Nb2 Nb6 32. Kf2 1/2-1/2

[Event "Werner-Ott-Open Kreuzberger Sommer 2018"]
[Site "Berlin"]
[Date "2018.07.07"]
[Round "8.20"]
[White "Gelman, Josef"]
[Black "Woinowski, Michael"]
[Result "1-0"]
[WhiteElo "1989"]
[BlackElo "1788"]
[Annotator "Stockfish 221017 64 (1m)"]
[PlyCount "73"]
[EventDate "2018.06.30"]
[EventType "swiss"]
[EventRounds "9"]
[EventCountry "GER"]
[SourceTitle "WOOKS_2018_R8"]
[Source "Andreas Lange"]
[SourceDate "2018.07.07"]
[SourceVersion "1"]
[SourceVersionDate "2018.07.07"]
[SourceQuality "1"]
[WhiteTeam "SC Weisse Dame"]
[BlackTeam "SC Kreuzberg"]
[WhiteTeamCountry "GER"]
[BlackTeamCountry "GER"]

{D00: Damenbauernspiele} 1. d4 Nf6 2. Bg5 d5 3. Bxf6 gxf6 4. e3 Bg7 (4... c6 5.
Nc3 (5. c4 h5 6. Nc3 h4 7. Nf3 a6 8. a4 e6 9. Bd3 Nd7 10. Qc2 f5 11. a5 dxc4
12. Bxc4 b5 13. axb6 Nxb6 14. Be2 Bb7 15. O-O-O Nd5 16. Nxd5 cxd5 17. Qa4+ Qd7
18. Qxd7+ Kxd7 19. Ne5+ Ke8 {Kopisch,M (2129)-Brustkern,J (2213) Berlin 2013 1/
2-1/2 (35)}) 5... e6 6. Bd3 Nd7 7. Nf3 f5 8. Ne2 Bd6 9. c3 Rg8 10. g3 b6 11.
Nf4 Bb7 12. Nh5 Nf6 13. Nxf6+ Qxf6 14. Qa4 a6 15. Qb3 Qd8 16. Be2 Qc7 17. Ne5
Bxe5 18. dxe5 c5 19. Qa4+ {Franke,H (2240)-Glienke,M (2345) Deutschland 2001
0-1 (63)}) 5. c4 $146 (5. Nf3 Bg4 6. Be2 Nd7 7. Nbd2 c6 8. Nh4 Bxe2 9. Qxe2 e6
10. c3 Qe7 11. a4 f5 12. Nhf3 Qf6 13. O-O O-O 14. Kh1 e5 15. dxe5 Nxe5 16. Nxe5
Qxe5 17. Qd3 Rfe8 18. g3 Rad8 19. a5 Re6 {Knopf,R (1866)-Kleemeyer,O (1610)
Berlin 2004 10. Open SWN Diskette [COMP Fritz 8 (No MMX) (60s)] 1-0 (32)}) 5...
c5 6. cxd5 Qxd5 7. Nc3 Qd6 8. Nb5 Qb6 9. dxc5 Qxc5 10. Qd2 Na6 11. Nf3 O-O 12.
Be2 Bg4 13. Qd4 Qh5 14. Nc3 e5 15. Qa4 Nc5 16. Qc2 Bf5 17. e4 Bg4 18. O-O Rfd8
19. h3 Be6 20. b4 Na6 21. Nd4 Qg5 22. Nxe6 fxe6 23. Qb3 Nc7 24. Nb5 Nxb5 25.
Bxb5 Rd6 26. Rad1 Rad8 27. Bc4 Qh5 28. Bxe6+ Kh8 29. Bg4 Qe8 30. Rxd6 Rxd6 31.
Rc1 Rd8 32. Rc7 Qf8 33. Rxb7 Bh6 34. Bf5 Bg7 35. Qf7 Qxf7 36. Rxf7 Rb8 37. Rxa7
1-0